[Event "Ahuntsic op"]
[Site "Montreal CAN"]
[Date "2008.11.29"]
[Round "2"]
[White "Anastasovski, Nikola"]
[Black "Hebert, Jean"]
[Result "0-1"]
[WhiteElo "1897"]
[BlackElo "2424"]
[PlyCount "130"]
[GameId "2160767910286027"]
[EventDate "2008.11.29"]
[EventType "swiss (rapid)"]
[EventRounds "5"]
[EventCountry "CAN"]
[SourceTitle "EXT 2011"]
[Source "ChessBase"]
[SourceDate "2011.11.26"]
[SourceVersion "1"]
[SourceVersionDate "2011.11.26"]
[SourceQuality "1"]

1. e4 c5 2. c4 e6 3. Nc3 Nc6 4. g3 g6 5. Bg2 Bg7 6. d3 Nge7 7. Nge2 d6 8. Be3 Nd4 9. Qd2 O-O 10. h3 Rb8 11. O-O Bd7 12. Bh6 Bc6 13. Bxg7 Kxg7 14. f4 f5 15. Rf2 Qc7 16. Rc1 Qd7 17. Qe3 Nxe2+ 18. Nxe2 b6 19. Nc3 Rbe8 20. Re1 d5 21. exd5 exd5 22. Rfe2 Kf7 23. Qf3 d4 24. Rxe7+ Rxe7 25. Rxe7+ Kxe7 26. Qxc6 Qxc6 27. Bxc6 dxc3 28. bxc3 Kd6 29. Bf3 a6 30. a4 Rb8 31. Kf2 b5 32. cxb5 axb5 33. axb5 Rxb5 34. c4 Ra5 35. Bd5 Ra7 36. h4 Re7 37. Bf3 h5 38. Be2 Kc7 39. Ke1 Kb6 40. Kd2 Ka5 41. Bf3 Kb4 42. Bd5 Ra7 43. Bg8 Ra2+ 44. Ke3 Kc3 45. Bf7 Ra6 46. Bg8 Rd6 47. Bf7 Rxd3+ 48. Kf2 Rd6 49. Bd5 Kd4 50. Bf7 Rf6 51. Bd5 Rd6 52. Bf7 Ke4 53. Ke2 Rd3 54. Bxg6 Rxg3 55. Bxh5 Rg2+ 56. Kf1 Rh2 57. Bf7 Rxh4 58. Bd5+ Kxf4 59. Kg2 Ke3 60. Kg3 Rg4+ 61. Kh3 Rg7 62. Kh2 f4 63. Bg2 f3 64. Bf1 Kf2 65. Bh3 Rh7 0-1

[Event "Ahuntsic op"]
[Site "Montreal CAN"]
[Date "2008.11.29"]
[Round "3"]
[White "Hebert, Jean"]
[Black "Voskanyan, Vahagn"]
[Result "1/2-1/2"]
[WhiteElo "2424"]
[BlackElo "2240"]
[PlyCount "90"]
[GameId "2160767910286032"]
[EventDate "2008.11.29"]
[EventType "swiss (rapid)"]
[EventRounds "5"]
[EventCountry "CAN"]
[SourceTitle "EXT 2011"]
[Source "ChessBase"]
[SourceDate "2011.11.26"]
[SourceVersion "1"]
[SourceVersionDate "2011.11.26"]
[SourceQuality "1"]

1. d4 d5 2. c4 c6 3. Nf3 Nf6 4. Nc3 e6 5. e3 Nbd7 6. Qc2 Be7 7. b3 O-O 8. Bd3 c5 9. O-O b6 10. Bb2 Bb7 11. Rad1 cxd4 12. exd4 Rc8 13. Qe2 Re8 14. Rfe1 Nf8 15. Ne5 Bb4 16. a3 dxc4 17. bxc4 Bd6 18. Bb1 Ng6 19. Qe3 Ba6 20. Ba2 Qc7 21. Nb5 Bxb5 22. cxb5 Bxe5 23. dxe5 Nd7 24. Rd2 Ndxe5 25. Rd4 Nd7 26. Red1 Nf6 27. Bb1 Red8 28. g3 Rxd4 29. Qxd4 Qb7 30. Qe3 Re8 31. Bxf6 gxf6 32. Be4 Qc7 33. Rc1 Qe5 34. Bxg6 hxg6 35. Qxe5 fxe5 36. Rc7 Ra8 37. a4 Kg7 38. h4 e4 39. Kf1 a6 40. Rb7 axb5 41. axb5 Ra2 42. Rxb6 Kh6 43. Rb7 f5 44. Re7 Rb2 45. Rxe6 Kh7 1/2-1/2

[Event "Ahuntsic op"]
[Site "Montreal CAN"]
[Date "2008.11.29"]
[Round "4"]
[White "Xu, Haizhou"]
[Black "Hebert, Jean"]
[Result "0-1"]
[WhiteElo "1700"]
[BlackElo "2424"]
[PlyCount "182"]
[GameId "2160767910286035"]
[EventDate "2008.11.29"]
[EventType "swiss (rapid)"]
[EventRounds "5"]
[EventCountry "CAN"]
[SourceTitle "EXT 2011"]
[Source "ChessBase"]
[SourceDate "2011.11.26"]
[SourceVersion "1"]
[SourceVersionDate "2011.11.26"]
[SourceQuality "1"]

1. e4 d6 2. d4 g6 3. Nc3 c6 4. f4 d5 5. Nf3 Nh6 6. h3 dxe4 7. Nxe4 Nf5 8. c3 Bg7 9. Bd3 Be6 10. g4 Nd6 11. Be3 h5 12. Rg1 hxg4 13. hxg4 Nxe4 14. Bxe4 Bd5 15. Qd3 Bxe4 16. Qxe4 Qd5 17. Qxd5 cxd5 18. Ke2 Nc6 19. Kd3 Bf6 20. Rh1 Kd7 21. Bf2 Rag8 22. Ke3 b6 23. Rag1 Na5 24. b3 Nb7 25. Ne5+ Bxe5 26. dxe5 Nc5 27. Rd1 Kc6 28. Kf3 e6 29. Bxc5 bxc5 30. Ke3 a5 31. Kd3 Rb8 32. Rdf1 Kd7 33. Kc2 Rbg8 34. Kd3 Ke7 35. g5 Ra8 36. a3 Kd7 37. Rb1 Kc6 38. Rbd1 Rab8 39. Kc2 Kb5 40. Rb1 Rxh1 41. Rxh1 c4 42. Rh7 cxb3+ 43. Kxb3 Kc5+ 44. Kc2 Rb7 45. Rh8 Kb5 46. Kb3 Kc5+ 47. Kc2 Rc7 48. Ra8 d4 49. cxd4+ Kxd4+ 50. Kb3 Ke4 51. Rxa5 Kxf4 52. a4 Kxg5 53. Rb5 Kf5 54. a5 g5 55. Ka4 g4 56. a6 g3 57. Rb7 Rxb7 58. axb7 g2 59. b8=Q g1=Q 60. Qf8 Qg6 61. Qd6 Qg4+ 62. Kb3 Qg3+ 63. Kc2 Qxe5 64. Qf8 f6 65. Qf7 Ke4 66. Qg6+ Qf5 67. Qe8 Kf4+ 68. Kd2 Qd5+ 69. Ke2 f5 70. Qe7 Ke4 71. Qh7 Qd3+ 72. Kf2 Qf3+ 73. Ke1 Qe3+ 74. Kd1 e5 75. Qg6 Qb3+ 76. Ke2 Qc4+ 77. Kd2 Qa2+ 78. Kd1 Qf2 79. Qc6+ Kf4 80. Qh6+ Kg4 81. Qg6+ Kh3 82. Qh5+ Kg2 83. Qg5+ Kf1 84. Qh5 Qd4+ 85. Kc2 Qc4+ 86. Kd2 Qd5+ 87. Kc3 Qd4+ 88. Kc2 Qf4 89. Qh3+ Kf2 90. Qc3 Qe4+ 91. Kd1 Qe2+ 0-1

[Event "Ahuntsic op"]
[Site "Montreal CAN"]
[Date "2008.11.29"]
[Round "5"]
[White "Hebert, Jean"]
[Black "Bolduc, Steve"]
[Result "0-1"]
[WhiteElo "2424"]
[BlackElo "2312"]
[PlyCount "81"]
[GameId "2160767910286036"]
[EventDate "2008.11.29"]
[EventType "swiss (rapid)"]
[EventRounds "5"]
[EventCountry "CAN"]
[SourceTitle "EXT 2011"]
[Source "ChessBase"]
[SourceDate "2011.11.26"]
[SourceVersion "1"]
[SourceVersionDate "2011.11.26"]
[SourceQuality "1"]

1. d4 Nf6 2. c4 e6 3. Nf3 d5 4. e3 Bb4+ 5. Nbd2 O-O 6. a3 Be7 7. Qc2 Nbd7 8. b3 c5 9. Bb2 cxd4 10. exd4 dxc4 11. bxc4 Nb6 12. Ne5 Bd7 13. Be2 Bc6 14. Nxc6 bxc6 15. O-O Rc8 16. c5 Nbd5 17. Nc4 Nf4 18. Bf3 N6d5 19. Rfd1 g5 20. g3 Ng6 21. Re1 Kg7 22. Rab1 Rh8 23. Bxd5 cxd5 24. Ne3 h5 25. Qa4 h4 26. Bc3 hxg3 27. fxg3 Qg8 28. Rb7 Qh7 29. Qc2 a6 30. Nf1 Bf6 31. Qf2 Ne7 32. Ne3 Nf5 33. Rf1 Rxc5 34. Nxf5+ exf5 35. dxc5 Bxc3 36. Rd1 d4 37. Rxd4 Re8 38. Rd1 Qh5 39. Rf1 Re2 40. Rxf7+ Kh6 41. g4 0-1

[Event "Montmagny op"]
[Site "Montmagny CAN"]
[Date "2008.11.21"]
[Round "1"]
[White "Schommer, Philippe"]
[Black "Hebert, Jean"]
[Result "0-1"]
[WhiteElo "1869"]
[BlackElo "2424"]
[PlyCount "108"]
[GameId "2160767910286108"]
[EventDate "2008.11.21"]
[EventType "swiss"]
[EventRounds "5"]
[EventCountry "CAN"]

1. c4 e5 2. Nc3 Nf6 3. g3 Bb4 4. Bg2 O-O 5. Nf3 Re8 6. O-O c6 7. d3 h6 8. Ne4 Nxe4 9. dxe4 Bc5 10. a3 a5 11. Qd3 a4 12. Rd1 Na6 13. Be3 Bf8 14. Qc3 Qc7 15. c5 d6 16. cxd6 Bxd6 17. Nh4 Bf8 18. Nf5 g6 19. Nxh6+ Kh7 20. Qc1 Be6 21. h3 f5 22. exf5 gxf5 23. Nxf5 Bxf5 24. Qc4 Qe7 25. Qxa4 Nc7 26. Qc4 e4 27. Rac1 Nd5 28. Bc5 Qxc5 29. Qxc5 Bxc5 30. Rxc5 Kg7 31. g4 Bh7 32. Rd4 Re7 33. e3 Nf6 34. Rc3 Bg8 35. f4 exf3 36. Bxf3 Bd5 37. e4 Nxe4 38. Bxe4 Rxe4 39. Rxe4 Bxe4 40. Kf2 Kf6 41. Ke3 Ke5 42. Rc4 Bd5 43. Rb4 c5 44. Rb5 Rh8 45. Rxc5 Rxh3+ 46. Kd2 Kd4 47. Rb5 Rh2+ 48. Kc1 Kc4 49. Rb4+ Kd3 50. b3 Kc3 51. Kd1 Bxb3+ 52. Ke1 Bd5 53. Kf1 Ra2 54. g5 Rxa3 0-1

[Event "Montmagny op"]
[Site "Montmagny CAN"]
[Date "2008.11.23"]
[Round "2"]
[White "Hebert, Jean"]
[Black "Boucher, Antoni"]
[Result "1-0"]
[WhiteElo "2438"]
[BlackElo "1695"]
[PlyCount "69"]
[GameId "2160767910286114"]
[EventDate "2008.11.21"]
[EventType "swiss"]
[EventRounds "5"]
[EventCountry "CAN"]

1. c4 Nf6 2. Nc3 c5 3. Nf3 e6 4. e3 b6 5. d4 d6 6. d5 e5 7. e4 Bg4 8. h3 Bh5 9. Bd3 Nbd7 10. Be3 Be7 11. a3 a5 12. Rg1 Qc7 13. g4 Bg6 14. Qa4 Qb7 15. O-O-O O-O-O 16. Bc2 h6 17. Qb5 Nh7 18. h4 f6 19. Ba4 Nb8 20. Qb3 Nf8 21. h5 Bf7 22. Nh4 Nh7 23. Nf5 Bf8 24. f4 Be8 25. Bxe8 Rxe8 26. fxe5 fxe5 27. g5 Nxg5 28. Bxg5 hxg5 29. Rxg5 Nd7 30. Nb5 Qb8 31. Rg6 Nf6 32. h6 Nxe4 33. hxg7 Bxg7 34. Rxg7 Ref8 35. Ne7+ 1-0

[Event "Montmagny op"]
[Site "Montmagny CAN"]
[Date "2008.11.22"]
[Round "3"]
[White "Sauve, Richard"]
[Black "Hebert, Jean"]
[Result "0-1"]
[WhiteElo "1971"]
[BlackElo "2424"]
[PlyCount "70"]
[GameId "2160767910286116"]
[EventDate "2008.11.21"]
[EventType "swiss"]
[EventRounds "5"]
[EventCountry "CAN"]

1. d4 Nf6 2. c4 e6 3. Nc3 c5 4. e3 d5 5. Nf3 a6 6. Be2 dxc4 7. Bxc4 b5 8. Bd3 Bb7 9. O-O Nbd7 10. Bd2 Bd6 11. Rc1 O-O 12. Bb1 Qe7 13. Re1 Rfd8 14. Qe2 e5 15. dxc5 Nxc5 16. a3 Bxf3 17. gxf3 e4 18. Nxe4 Nfxe4 19. fxe4 Nxe4 20. Bxe4 Qxe4 21. f3 Qe6 22. Bc3 Be5 23. Bxe5 Qxe5 24. Rcd1 h5 25. Kh1 Rac8 26. Rg1 Rxd1 27. Rxd1 Qf5 28. e4 Qf4 29. Rg1 h4 30. Qg2 g6 31. h3 Rd8 32. Rf1 Kg7 33. Kg1 Rd2 34. Rf2 Qe3 35. Qf1 Rxb2 0-1

[Event "Montmagny op"]
[Site "Montmagny CAN"]
[Date "2008.11.23"]
[Round "4"]
[White "Hebert, Jean"]
[Black "Auger, Bertrand"]
[Result "1-0"]
[WhiteElo "2438"]
[BlackElo "2009"]
[PlyCount "51"]
[GameId "2160767910286119"]
[EventDate "2008.11.21"]
[EventType "swiss"]
[EventRounds "5"]
[EventCountry "CAN"]

1. d4 e6 2. c4 d5 3. Nc3 Be7 4. Bf4 Nf6 5. e3 O-O 6. Nf3 Re8 7. Rc1 a6 8. c5 Nbd7 9. Bd3 Nf8 10. h4 N6d7 11. b4 f6 12. Qb3 Kh8 13. e4 e5 14. dxe5 fxe5 15. Ng5 Bxg5 16. Bxg5 Nf6 17. Nxd5 Be6 18. Bc4 b5 19. cxb6 cxb6 20. Rd1 b5 21. Nxf6 bxc4 22. Rxd8 cxb3 23. Nxe8 Rxd8 24. Bxd8 b2 25. Kd2 Bxa2 26. Kc2 1-0

[Event "Montmagny op"]
[Site "Montmagny CAN"]
[Date "2008.11.23"]
[Round "5"]
[White "Lemieux, Michel"]
[Black "Hebert, Jean"]
[Result "0-1"]
[WhiteElo "1791"]
[BlackElo "2438"]
[PlyCount "58"]
[GameId "2160767910286120"]
[EventDate "2008.11.21"]
[EventType "swiss"]
[EventRounds "5"]
[EventCountry "CAN"]

1. Nf3 c5 2. c4 Nf6 3. Nc3 d5 4. cxd5 Nxd5 5. g3 Nc6 6. Bg2 Nc7 7. O-O g6 8. a3 Bg7 9. Rb1 O-O 10. b4 c4 11. Na4 Bf5 12. Bb2 Bxb1 13. Bxg7 Kxg7 14. Qxb1 Ne6 15. Qc2 b5 16. Nc3 Rb8 17. Rd1 Ncd4 18. Qe4 Nxf3+ 19. Qxf3 Qd4 20. h4 Rfd8 21. Nd5 Qe5 22. e3 Rd7 23. e4 Nd4 24. Qg4 f5 25. exf5 Rxd5 26. fxg6 Qf5 27. Qxf5 Rxf5 28. gxh7 Ne2+ 29. Kh2 Rxf2 0-1

[Event "Montreal op"]
[Site "Montreal CAN"]
[Date "2008.09.12"]
[Round "1"]
[White "Hebert, Jean"]
[Black "Robichaud, Louis"]
[Result "1/2-1/2"]
[WhiteElo "2442"]
[BlackElo "2057"]
[PlyCount "80"]
[GameId "2160767910319715"]
[EventDate "2008.09.12"]
[EventType "swiss"]
[EventRounds "5"]
[EventCountry "CAN"]
[SourceTitle "FQE 04"]

1. d4 Nf6 2. c4 g6 3. Nc3 Bg7 4. Bg5 d6 5. e3 h6 6. Bh4 O-O 7. Be2 g5 8. Bg3 c5 9. h4 g4 10. d5 Qa5 11. Bd3 b5 12. Nge2 bxc4 13. Bxc4 Nbd7 14. O-O Nb6 15. Bb5 Bb7 16. Nf4 c4 17. f3 a6 18. Bc6 Bxc6 19. dxc6 e5 20. Nfe2 gxf3 21. gxf3 Qc5 22. Qd2 Qxc6 23. Rad1 Rad8 24. e4 Nh7 25. Bf2 f5 26. Qe3 Rb8 27. Qd2 Nc8 28. Qd5+ Qxd5 29. Rxd5 Rxb2 30. Ra5 fxe4 31. fxe4 h5 32. Be3 Bf6 33. Rxa6 Rb8 34. Rc6 Bxh4 35. Rxf8+ Nxf8 36. Rxc4 Ne6 37. a4 Bd8 38. Rc6 Kf7 39. Ng3 Ke8 40. Nxh5 Kd7 1/2-1/2

[Event "Montreal op"]
[Site "Montreal CAN"]
[Date "2008.09.13"]
[Round "2"]
[White "Nardone, Raul"]
[Black "Hebert, Jean"]
[Result "0-1"]
[WhiteElo "1812"]
[BlackElo "2442"]
[PlyCount "60"]
[GameId "2160767910319727"]
[EventDate "2008.09.12"]
[EventType "swiss"]
[EventRounds "5"]
[EventCountry "CAN"]
[SourceTitle "FQE 04"]

1. e4 c5 2. Nf3 e6 3. d4 cxd4 4. Nxd4 Nc6 5. c4 Nf6 6. Nxc6 bxc6 7. e5 Qa5+ 8. Nc3 Qxe5+ 9. Be2 h5 10. Be3 Bc5 11. Bxc5 Qxc5 12. O-O Rb8 13. Na4 Qe5 14. Re1 O-O 15. Bf3 Qf4 16. b3 d5 17. g3 Qf5 18. cxd5 cxd5 19. Rc1 h4 20. Nc5 hxg3 21. hxg3 Rd8 22. Nd3 Ne4 23. Nc5 Nxc5 24. Rxc5 Bb7 25. Kg2 e5 26. Rc7 e4 27. Bh5 g6 28. Bg4 Qe5 29. Qc1 d4 30. Rh1 e3+ 0-1

[Event "Montreal op"]
[Site "Montreal CAN"]
[Date "2008.09.13"]
[Round "3"]
[White "Hebert, Jean"]
[Black "Forget, Luc"]
[Result "1/2-1/2"]
[WhiteElo "2442"]
[BlackElo "2117"]
[PlyCount "89"]
[GameId "2160767910319730"]
[EventDate "2008.09.12"]
[EventType "swiss"]
[EventRounds "5"]
[EventCountry "CAN"]
[SourceTitle "FQE 04"]

1. d4 Nf6 2. c4 e6 3. Nf3 b6 4. g3 Bb7 5. Bg2 Be7 6. O-O O-O 7. d5 exd5 8. Nh4 c6 9. cxd5 cxd5 10. Nf5 Re8 11. Nc3 Na6 12. Bf4 Nc7 13. Rc1 d6 14. Ne3 Qd7 15. Qd3 Rab8 16. Rfd1 b5 17. b4 a6 18. Ncxd5 Nfxd5 19. Nxd5 Nxd5 20. Bxd5 h6 21. e4 Bxd5 22. Qxd5 Qb7 23. Qxb7 Rxb7 24. Rc6 Ra8 25. Bxd6 Bxd6 26. Rcxd6 Rc7 27. Rd8+ Rxd8 28. Rxd8+ Kh7 29. Rd6 Rc4 30. a3 a5 31. bxa5 Ra4 32. a6 Rxa3 33. h4 h5 34. Kg2 g6 35. Rb6 Kg7 36. e5 b4 37. f4 b3 38. f5 gxf5 39. Kf3 b2+ 40. Kf4 Rxa6 41. Rxb2 Kg6 42. Rb8 Ra4+ 43. Kf3 Kg7 44. Rb6 Re4 45. Rb5 1/2-1/2

[Event "Montreal op"]
[Site "Montreal CAN"]
[Date "2008.09.14"]
[Round "4"]
[White "Leutschaft, Martin"]
[Black "Hebert, Jean"]
[Result "1/2-1/2"]
[WhiteElo "2098"]
[BlackElo "2442"]
[PlyCount "68"]
[GameId "2160767910319746"]
[EventDate "2008.09.12"]
[EventType "swiss"]
[EventRounds "5"]
[EventCountry "CAN"]
[SourceTitle "FQE 04"]

1. d4 Nf6 2. Nf3 e6 3. e3 b6 4. c4 Bb7 5. Bd3 d5 6. Nc3 Be7 7. O-O O-O 8. Qe2 c5 9. Rd1 Nbd7 10. e4 dxe4 11. Nxe4 Qc7 12. Bg5 Rfe8 13. dxc5 bxc5 14. Nxf6+ Bxf6 15. Bxh7+ Kxh7 16. Qd3+ Kg8 17. Qxd7 Qxd7 18. Rxd7 Bxb2 19. Rb1 Bxf3 20. gxf3 Reb8 21. Be3 Bd4 22. Rxb8+ Rxb8 23. Bxd4 cxd4 24. Rxd4 Rb2 25. Rd8+ Kh7 26. Rd7 Rxa2 27. Rxf7 Rc2 28. Rxa7 Rxc4 29. Re7 Rc6 30. Re8 Kg6 31. Rf8 Rc5 32. Kg2 Rg5+ 33. Kf1 Rh5 34. Kg2 Rg5+ 1/2-1/2

[Event "Lanaudiere"]
[Site "Repentigny CAN"]
[Date "2008.08.15"]
[Round "1"]
[White "Hebert, Jean"]
[Black "Giroux, Robert"]
[Result "1-0"]
[WhiteElo "2444"]
[BlackElo "1930"]
[PlyCount "87"]
[GameId "2160767910336646"]
[EventDate "2008.08.15"]
[EventType "swiss"]
[EventRounds "5"]
[EventCountry "CAN"]
[SourceTitle "EXT 2011"]
[Source "ChessBase"]
[SourceDate "2011.11.26"]
[SourceVersion "1"]
[SourceVersionDate "2011.11.26"]
[SourceQuality "1"]

1. d4 Nf6 2. Nf3 e6 3. c4 Bb4+ 4. Bd2 Qe7 5. g3 O-O 6. Bg2 Bxd2+ 7. Nbxd2 Nc6 8. O-O d6 9. e4 e5 10. d5 Nb8 11. Ne1 Bg4 12. f3 Bd7 13. b4 a5 14. a3 c6 15. bxa5 cxd5 16. cxd5 Na6 17. Rf2 Nc5 18. Bf1 Ba4 19. Qb1 Rxa5 20. Nc4 Rb5 21. Rb2 Rxb2 22. Qxb2 Nfd7 23. Rb1 g6 24. Qd2 Kg7 25. Qe3 f5 26. exf5 gxf5 27. f4 e4 28. Qc3+ Qf6 29. Qxf6+ Rxf6 30. Ng2 Nb3 31. Nge3 b5 32. Nxd6 Nd2 33. Ne8+ Kf7 34. Nxf6 Kxf6 35. Rc1 Nf3+ 36. Kg2 Nd4 37. Kf2 h5 38. Be2 h4 39. gxh4 Nb6 40. h5 Kg7 41. Rc7+ Kh8 42. d6 b4 43. axb4 Ne6 44. Rb7 1-0

[Event "Lanaudiere"]
[Site "Repentigny CAN"]
[Date "2008.08.16"]
[Round "2"]
[White "Forget, Luc"]
[Black "Hebert, Jean"]
[Result "0-1"]
[WhiteElo "2146"]
[BlackElo "2444"]
[PlyCount "82"]
[GameId "2160767910336659"]
[EventDate "2008.08.15"]
[EventType "swiss"]
[EventRounds "5"]
[EventCountry "CAN"]
[SourceTitle "FQE 04"]

1. d4 Nf6 2. c4 e6 3. g3 Bb4+ 4. Bd2 c5 5. Bxb4 cxb4 6. Nf3 O-O 7. Bg2 d6 8. O-O Nc6 9. a3 Qb6 10. e3 Bd7 11. Nbd2 Rfd8 12. Ng5 bxa3 13. Rxa3 Nb4 14. Nde4 Nxe4 15. Bxe4 h6 16. Nh3 e5 17. Bg2 Rac8 18. Rc3 Bc6 19. d5 Bd7 20. e4 Re8 21. Kh1 Rc7 22. Ng1 Na2 23. Rb3 Nb4 24. Rc3 Rec8 25. Qe2 Qa6 26. Ra3 Qxc4 27. Qxc4 Rxc4 28. Rxa7 R8c7 29. b3 Rc2 30. Ra8+ Kh7 31. Nh3 g5 32. f4 Bb5 33. fxe5 Bxf1 34. Bxf1 dxe5 35. Bc4 Rd2 36. Kg1 b5 37. d6 Rxd6 38. Bd5 Nxd5 39. exd5 Rxd5 40. Ra2 e4 41. g4 e3 0-1

[Event "Lanaudiere"]
[Site "Repentigny CAN"]
[Date "2008.08.15"]
[Round "3"]
[White "Hebert, Jean"]
[Black "Bolduc, Steve"]
[Result "0-1"]
[WhiteElo "2444"]
[BlackElo "2314"]
[PlyCount "131"]
[GameId "2160767910336665"]
[EventDate "2008.08.15"]
[EventType "swiss"]
[EventRounds "5"]
[EventCountry "CAN"]
[SourceTitle "EXT 2011"]
[Source "ChessBase"]
[SourceDate "2011.11.26"]
[SourceVersion "1"]
[SourceVersionDate "2011.11.26"]
[SourceQuality "1"]

1. d4 Nf6 2. Nf3 e6 3. c4 b6 4. e3 Bb7 5. Bd3 Bb4+ 6. Nbd2 O-O 7. O-O Re8 8. a3 Bf8 9. e4 d6 10. Re1 e5 11. d5 a5 12. b3 Nbd7 13. Rb1 g6 14. Nf1 c5 15. Ng3 Bg7 16. h3 Kh8 17. Bg5 Qe7 18. Qc1 Qf8 19. Bd2 Ng8 20. Ng5 Bf6 21. h4 h6 22. Nf3 Bc8 23. h5 Qg7 24. Kf1 Bd8 25. hxg6 fxg6 26. Ke2 Ndf6 27. Rh1 h5 28. Ng5 Nh7 29. Nxh7 Kxh7 30. f3 Ra7 31. Nxh5 gxh5 32. Rxh5+ Kg6 33. Qh1 Qf6 34. Rh8 Qxh8 35. Qxh8 Rh7 36. Qxh7+ Kxh7 37. b4 axb4 38. axb4 Nf6 39. bxc5 bxc5 40. g4 Kg7 41. Kf2 Bc7 42. Ra1 Bb7 43. Ra7 Rb8 44. Kg3 Bb6 45. Ra3 Ra8 46. Rb3 Ra6 47. f4 Bc8 48. f5 Bc7 49. g5 Nd7 50. Bc3 Ra2 51. Bb2 Ba5 52. Kg4 Bb4 53. Kh5 Ra8 54. f6+ Kf7 55. Be2 Nf8 56. Kh6 Ng6 57. Kh5 Nf8 58. g6+ Nxg6 59. Kg5 Nf8 60. Kh5 Nd7 61. Bd3 Kxf6 62. Kh6 Kf7 63. Kh5 Kg7 64. Be2 Ba6 65. Kg4 Rh8 66. Rh3 0-1

[Event "Lanaudiere"]
[Site "Repentigny CAN"]
[Date "2008.08.17"]
[Round "4"]
[White "Trinh, Tri Bao"]
[Black "Hebert, Jean"]
[Result "0-1"]
[WhiteElo "2089"]
[BlackElo "2444"]
[PlyCount "52"]
[GameId "2160767910336685"]
[EventDate "2008.08.15"]
[EventType "swiss"]
[EventRounds "5"]
[EventCountry "CAN"]
[SourceTitle "FQE 04"]

1. c4 Nf6 2. Nf3 e6 3. g3 b6 4. Bg2 Bb7 5. O-O c5 6. Nc3 a6 7. d4 cxd4 8. Nxd4 Bxg2 9. Kxg2 Qc7 10. Qd3 Nc6 11. b3 Ne5 12. Qe3 h5 13. h3 Bc5 14. Na4 Qb7+ 15. f3 Ng6 16. Nxc5 bxc5 17. Nf5 O-O 18. Nd6 Qc6 19. Rd1 h4 20. Ba3 hxg3 21. Kxg3 Rfc8 22. Nxc8 Rxc8 23. Qd2 d5 24. cxd5 Qd6+ 25. Kg2 Nh4+ 26. Kf2 Ne4+ 0-1

[Event "Lanaudiere"]
[Site "Repentigny CAN"]
[Date "2008.08.17"]
[Round "5"]
[White "Ye, Ling Feng"]
[Black "Hebert, Jean"]
[Result "0-1"]
[WhiteElo "2215"]
[BlackElo "2444"]
[PlyCount "106"]
[GameId "2160767910336694"]
[EventDate "2008.08.15"]
[EventType "swiss"]
[EventRounds "5"]
[EventCountry "CAN"]
[SourceTitle "FQE 04"]

1. e4 e6 2. d4 d5 3. Nd2 Nf6 4. e5 Nfd7 5. Bd3 c5 6. c3 Nc6 7. Ne2 cxd4 8. cxd4 Nb6 9. O-O Bd7 10. f4 g6 11. Nf3 Nb4 12. Bb1 Bb5 13. b3 a5 14. a4 Ba6 15. Ba3 Nc8 16. Bxb4 Bxb4 17. Bd3 Qb6 18. Rc1 Ne7 19. Bxa6 Qxa6 20. Nc3 Rc8 21. Nb5 O-O 22. Rf2 Rxc1 23. Qxc1 Rc8 24. Rc2 Rc6 25. g4 Qa8 26. Kf2 Qc8 27. Rxc6 bxc6 28. Nc3 Kg7 29. Na2 c5 30. Nxb4 cxb4 31. Qxc8 Nxc8 32. Ne1 Ne7 33. Nd3 h5 34. h3 hxg4 35. hxg4 g5 36. Ne1 gxf4 37. Kf3 f6 38. exf6+ Kxf6 39. Kxf4 Ng6+ 40. Ke3 Kg5 41. Kf3 e5 42. dxe5 Nxe5+ 43. Ke3 Nc6 44. Nf3+ Kxg4 45. Nd4 Nxd4 46. Kxd4 Kf4 47. Kxd5 Ke3 48. Kc4 Kd2 49. Kb5 Kc3 50. Kxa5 Kxb3 51. Kb6 Kc3 52. a5 b3 53. a6 b2 0-1

[Event "Quebec op U2400"]
[Site "Montreal CAN"]
[Date "2008.07.19"]
[Round "1"]
[White "Hebert, Jean"]
[Black "Forget, Luc"]
[Result "1-0"]
[WhiteElo "2392"]
[BlackElo "2063"]
[PlyCount "33"]
[GameId "2160767910353636"]
[EventDate "2008.07.19"]
[EventType "swiss"]
[EventRounds "9"]
[EventCountry "CAN"]
[SourceTitle "EXT 2011"]
[Source "ChessBase"]
[SourceDate "2011.11.26"]
[SourceVersion "1"]
[SourceVersionDate "2011.11.26"]
[SourceQuality "1"]

1. d4 Nf6 2. Nf3 b6 3. c4 e6 4. a3 Bb7 5. Nc3 d5 6. cxd5 Nxd5 7. Bd2 Be7 8. Qc2 O-O 9. e4 Nxc3 10. Bxc3 c5 11. O-O-O Qc7 12. d5 exd5 13. exd5 Bf6 14. h4 Nd7 15. Ng5 Bxg5+ 16. hxg5 g6 17. Bb5 1-0

[Event "Quebec op U2400"]
[Site "Montreal CAN"]
[Date "2008.07.20"]
[Round "2"]
[White "Luksza, Arkadiusz"]
[Black "Hebert, Jean"]
[Result "0-1"]
[WhiteElo "2129"]
[BlackElo "2392"]
[PlyCount "102"]
[GameId "2160767910353653"]
[EventDate "2008.07.19"]
[EventType "swiss"]
[EventRounds "9"]
[EventCountry "CAN"]
[SourceTitle "EXT 2011"]
[Source "ChessBase"]
[SourceDate "2011.11.26"]
[SourceVersion "1"]
[SourceVersionDate "2011.11.26"]
[SourceQuality "1"]

1. d4 Nf6 2. c4 e6 3. Nc3 Bb4 4. Qc2 O-O 5. e4 d5 6. e5 Ne4 7. Bd3 c5 8. a3 Bxc3+ 9. bxc3 cxd4 10. cxd4 Qa5+ 11. Kf1 Nc6 12. Ne2 f5 13. f3 Nb4 14. axb4 Qxa1 15. g3 Bd7 16. Kg2 Ba4 17. Qb1 Qxb1 18. Bxb1 Nxg3 19. hxg3 dxc4 20. Nc3 Bc6 21. b5 Bd5 22. Ba3 Rfd8 23. Bd6 g6 24. Bc2 b6 25. Nxd5 exd5 26. Ra1 Rd7 27. Ra6 Kf7 28. Kf2 Ke6 29. Ke3 Rf7 30. Bb4 Rh8 31. Ra1 Ra8 32. Ba4 Rc8 33. Bd1 Ra8 34. Ra6 Rh8 35. Ra2 Ra8 36. Ba4 Rh8 37. Ra3 Rc8 38. Bc2 Ra8 39. Ra6 Rh8 40. Kf4 Rc8 41. Kg5 c3 42. Kf4 h5 43. Ke3 g5 44. Ra1 f4+ 45. gxf4 gxf4+ 46. Kd3 Rg7 47. Rh1 Rc4 48. Bd6 Rg2 49. Rd1 h4 50. Ba3 Rd2+ 51. Rxd2 cxd2 0-1

[Event "Quebec op U2400"]
[Site "Montreal CAN"]
[Date "2008.07.21"]
[Round "3"]
[White "Hebert, Jean"]
[Black "Kraiouchkine, Nikita"]
[Result "1-0"]
[WhiteElo "2392"]
[BlackElo "2235"]
[PlyCount "85"]
[GameId "2160767910353675"]
[EventDate "2008.07.19"]
[EventType "swiss"]
[EventRounds "9"]
[EventCountry "CAN"]
[SourceTitle "EXT 2011"]
[Source "ChessBase"]
[SourceDate "2011.11.26"]
[SourceVersion "1"]
[SourceVersionDate "2011.11.26"]
[SourceQuality "1"]

1. Nf3 d5 2. c4 c6 3. b3 Nf6 4. g3 Bg4 5. Bb2 Nbd7 6. Bg2 e6 7. O-O Bd6 8. d3 h5 9. h3 Bxf3 10. Bxf3 Qe7 11. Nd2 O-O-O 12. Bg2 Rh6 13. cxd5 exd5 14. Nf3 Ne5 15. Nh4 Qd7 16. Qd2 Rg8 17. Qg5 Nh7 18. Qf5 Qe6 19. e4 Nxd3 20. exd5 Qxf5 21. Nxf5 Nxb2 22. Nxh6 gxh6 23. dxc6 b6 24. Rae1 Rd8 25. Re2 Ba3 26. Re5 Nf6 27. Rf5 Rd6 28. Re1 Bc5 29. Kh2 Kd8 30. c7+ Kxc7 31. Re7+ Rd7 32. Rxd7+ Nxd7 33. Rxh5 Bxf2 34. Rxh6 f6 35. Be4 Bd4 36. Bc2 Kd6 37. h4 Ke6 38. Rh7 a5 39. g4 Ne5 40. Bf5+ Kd6 41. h5 Nd1 42. h6 Be3 43. Rd7+ 1-0

[Event "Quebec op U2400"]
[Site "Montreal CAN"]
[Date "2008.07.22"]
[Round "4"]
[White "Voskanyan, Vahagn"]
[Black "Hebert, Jean"]
[Result "1/2-1/2"]
[WhiteElo "2253"]
[BlackElo "2392"]
[PlyCount "41"]
[GameId "2160767910353696"]
[EventDate "2008.07.19"]
[EventType "swiss"]
[EventRounds "9"]
[EventCountry "CAN"]
[SourceTitle "EXT 2011"]
[Source "ChessBase"]
[SourceDate "2011.11.26"]
[SourceVersion "1"]
[SourceVersionDate "2011.11.26"]
[SourceQuality "1"]

1. e4 d6 2. d4 g6 3. Nc3 c6 4. Bc4 Nf6 5. Bb3 Bg7 6. Nf3 Bg4 7. h3 Bxf3 8. Qxf3 Nbd7 9. O-O O-O 10. Re1 e5 11. dxe5 dxe5 12. Bg5 Qe7 13. Qe3 Nc5 14. Na4 Ne6 15. Bxe6 Qxe6 16. Nc5 Qe7 17. Nb3 Rfd8 18. Rad1 b6 19. Qe2 Rxd1 20. Rxd1 Rd8 21. f3 1/2-1/2